| 000 | 00537nam a2200217Ia 4500 | ||
|---|---|---|---|
| 003 | OSt | ||
| 005 | 20220924133717.0 | ||
| 006 | a|||||r|||| 00| 0 | ||
| 007 | ta | ||
| 008 | 220923b |||||||| |||| 00| 0 snd d | ||
| 024 | _a268235 | ||
| 037 | _cTextual | ||
| 040 |
_aARTS _cARTS _bsnd |
||
| 041 |
_2snd _asnd |
||
| 082 | _aO1593:3NGU:1, K5.2 | ||
| 100 |
_aGurudasani _9207156 |
||
| 245 | 0 | _aVichitra milap | |
| 260 | _c1965 | ||
| 942 |
_hO1593:3NGU:1, K5.2 _cTEXL _2CC |
||
| 999 |
_c434878 _d434878 |
||